000 00496 a2200181 4500
003 OSt
005 20231229140559.0
008 231229b |||||||| |||| 00| 0 eng d
020 _a9789395161787
040 _coclc
082 _a641.3
_bSRI/F
100 _aSrilakshmi, B
_94252
245 _aFood science /
_cB Srilakshmi
250 _a8th ed.
260 _aNew Delhi:
_bNew Age International,
_c2024.
300 _a538p
942 _2ddc
_cBK
_h641.3
_iSRI/F
_k641.3
_mSRI/F
999 _c44234
_d44234